Gliomas

Gliomas, which comprise astrocytic, oligodendroglial, and ependymal lesions, are the most frequent primary intracranial tumors. This volume summarizes the enormous advances in our knowledge of gliomas that have occurred during recent years. The first part of the book focuses on the glial tumor entit...

Full description

Bibliographic Details
Corporate Author: SpringerLink (Online service)
Other Authors: Deimling, Andreas von (Editor)
Format: Electronic eBook
Language:English
Published: Berlin, Heidelberg : Springer Berlin Heidelberg, 2009.
Series:Recent Results in Cancer Research, 171
Subjects:
Online Access:Full Text via HEAL-Link
LEADER 02877nam a22004815i 4500
001 978-3-540-31206-2
003 DE-He213
005 20151204173947.0
007 cr nn 008mamaa
008 100301s2009 gw | s |||| 0|eng d
020 |a 9783540312062  |9 978-3-540-31206-2 
024 7 |a 10.1007/978-3-540-31206-2  |2 doi 
040 |d GrThAP 
050 4 |a RC254-282 
072 7 |a MJCL  |2 bicssc 
072 7 |a MED062000  |2 bisacsh 
082 0 4 |a 616.994  |2 23 
245 1 0 |a Gliomas  |h [electronic resource] /  |c edited by Andreas von Deimling. 
264 1 |a Berlin, Heidelberg :  |b Springer Berlin Heidelberg,  |c 2009. 
300 |a XV, 259 p.  |b online resource. 
336 |a text  |b txt  |2 rdacontent 
337 |a computer  |b c  |2 rdamedia 
338 |a online resource  |b cr  |2 rdacarrier 
347 |a text file  |b PDF  |2 rda 
490 1 |a Recent Results in Cancer Research,  |x 0080-0015 ;  |v 171 
505 0 |a Gliomas -- Astrocytic Tumors -- Molecular Pathology of Oligodendroglial Tumors -- Ependymal Tumors -- Pediatric Gliomas -- Hereditary Tumor Syndromes and Gliomas -- Management of Gliomas -- Surgical Management of Intracranial Gliomas -- Radiation Therapy -- Adjuvant Therapy -- Other Experimental Therapies for Glioma -- Neurotoxicity of Treatment -- Neuroimaging -- Concepts -- Angiogenesis in Gliomas -- Gene Regulation by Methylation -- Brain Tumor Stem Cells. 
520 |a Gliomas, which comprise astrocytic, oligodendroglial, and ependymal lesions, are the most frequent primary intracranial tumors. This volume summarizes the enormous advances in our knowledge of gliomas that have occurred during recent years. The first part of the book focuses on the glial tumor entities, with detailed discussion of diagnosis, molecular genetics, and tumor origin. This section also contains a chapter on hereditary tumor syndromes associated with gliomas and the molecular mechanisms underlying these specific diseases. The second part is devoted to the clinical management of gliomas and provides insights into novel developments regarding neuroimaging, surgical management, radiation therapy, adjuvant therapy, experimental approaches, and the neurotoxicity of treatment. The final part of the book addresses angiogenesis and epigenetic regulation of gene expression in gliomas. 
650 0 |a Medicine. 
650 0 |a Oncology. 
650 0 |a Neurology. 
650 0 |a Neurosurgery. 
650 1 4 |a Medicine & Public Health. 
650 2 4 |a Oncology. 
650 2 4 |a Neurology. 
650 2 4 |a Neurosurgery. 
700 1 |a Deimling, Andreas von.  |e editor. 
710 2 |a SpringerLink (Online service) 
773 0 |t Springer eBooks 
776 0 8 |i Printed edition:  |z 9783540312055 
830 0 |a Recent Results in Cancer Research,  |x 0080-0015 ;  |v 171 
856 4 0 |u http://dx.doi.org/10.1007/978-3-540-31206-2  |z Full Text via HEAL-Link 
912 |a ZDB-2-SME 
950 |a Medicine (Springer-11650)